| 000 | 01123nam a22002894a 4500 | ||
|---|---|---|---|
| 001 | ebr10003028 | ||
| 003 | CaPaEBR | ||
| 006 | m u | ||
| 007 | cr cn||||||||| | ||
| 008 | 010405s2002 inu sb s001 0 eng | ||
| 010 | _z 2001002075 | ||
| 020 | _z0253339960 (alk. paper) | ||
| 040 |
_aCaPaEBR _cCaPaEBR |
||
| 035 | _a(OCoLC)150645506 | ||
| 050 | 1 | 4 |
_aBL311 _b.V66 2002eb |
| 082 | 0 | 4 |
_a398.2/09/03 _221 |
| 100 | 1 |
_aVon Hendy, Andrew, _d1932- |
|
| 245 | 1 | 4 |
_aThe modern construction of myth _h[electronic resource] / _cAndrew Von Hendy. |
| 260 |
_aBloomington, IN : _bIndiana University Press, _cc2002. |
||
| 300 | _axvii, 386 p. | ||
| 504 | _aIncludes bibliographical references (p. [363]-378) and index. | ||
| 533 |
_aElectronic reproduction. _bPalo Alto, Calif. : _cebrary, _d2013. _nAvailable via World Wide Web. _nAccess may be limited to ebrary affiliated libraries. |
||
| 650 | 0 |
_aMyth _xHistory. |
|
| 655 | 7 |
_aElectronic books. _2local |
|
| 710 | 2 | _aebrary, Inc. | |
| 856 | 4 | 0 |
_uhttp://site.ebrary.com/lib/rucke/Doc?id=10003028 _zAn electronic book accessible through the World Wide Web; click to view |
| 999 |
_c2477 _d2477 |
||